FUCAVI el libro. Prevencion a la Drogadiccion, Educacion Sexual, SIDA-HIV Medio Ambiente (Registro nro. 1704)

Detalles MARC
000 -LEADER
fixed length control field 00893nam a2200277 a 4500
003 - CONTROL NUMBER IDENTIFIER
control field OSt
005 - FECHA ULTIMA MODIFICACION
control field 20130930192855.0
008 - FIXED-LENGTH DATA ELEMENTS--GENERAL INFORMATION
fixed length control field 130930s2001 ag ||||| |||| 00| 0 spa d
020 ## - INTERNATIONAL STANDARD BOOK NUMBER
International Standard Book Number 987-43-4130-0
040 ## - CATALOGING SOURCE
Transcribing agency Biblioteca Medicina
041 ## - LANGUAGE CODE
Language code of text/sound track or separate title spa
082 ## - DEWEY DECIMAL CLASSIFICATION NUMBER
Item number VARIOS 0342
110 ## - MAIN ENTRY--CORPORATE NAME
Corporate name or jurisdiction name as entry element Fundar Calidad de Vida
9 (RLIN) 2628
245 00 - TITLE STATEMENT
Title FUCAVI el libro. Prevencion a la Drogadiccion, Educacion Sexual, SIDA-HIV Medio Ambiente
250 ## - EDITION STATEMENT
Edition statement 1º ed.
260 ## - PUBLICATION, DISTRIBUTION, ETC. (IMPRINT)
Place of publication, distribution, etc Buenos Aires
Name of publisher, distributor, etc Fundar Calidad de Vida
Date of publication, distribution, etc 2001
300 ## - PHYSICAL DESCRIPTION
Extent 178 p.
653 ## - INDEX TERM--UNCONTROLLED
Uncontrolled term DROGADICCION
653 ## - INDEX TERM--UNCONTROLLED
Uncontrolled term EDUCACION SEXUAL
653 ## - INDEX TERM--UNCONTROLLED
Uncontrolled term HIV
653 ## - INDEX TERM--UNCONTROLLED
Uncontrolled term SIDA
653 ## - INDEX TERM--UNCONTROLLED
Uncontrolled term MEDIO AMBIENTE
942 ## - ADDED ENTRY ELEMENTS (KOHA)
Source of classification or shelving scheme Dewey Decimal Classification
Koha item type Hemeroteca
Existencias
Withdrawn status Lost status Fuente de clasificación Damaged status Not for loan Colección Ubicación permanente Ubicación actual Sala de ubicación Fecha de adquisición Total Checkouts Número de clasificación Date last seen Número de ejemplar Price effective from Koha tipo de elemento (item)
    Dewey Decimal Classification     Non-fiction Biblioteca Medicina Biblioteca Medicina Circulación 30/09/2013   VARIOS 0342 06/11/2014 Ej. 1 30/09/2013 Hemeroteca
    Dewey Decimal Classification     Non-fiction Biblioteca Medicina Biblioteca Medicina Circulación 30/09/2013   VARIOS 0342 06/11/2014 Ej. 2 30/09/2013 Hemeroteca

UNIVERSIDAD NACIONAL DEL COMAHUE
Biblioteca de la Facultad de Ciencias Médicas
Sede Toschi: Los Arrayanes y Av. Toschi, Cipolletti  - Rio Negro
Sede Los Tordos:  Yrigoyen al 2211, Cipolletti - Rio Negro 

Teléfono: 0299 - 4774707 int 25
Contacto: biblioteca@facimed.uncoma.edu.ar
© 2011 - 2026